| 000 | 00602nam a2200169Ia 4500 | ||
|---|---|---|---|
| 005 | 20250424120321.0 | ||
| 008 | 250424s9999 xx 000 0 und d | ||
| 022 | _a24372129 | ||
| 050 | _aPE 1479 .R48/ | ||
| 245 | 0 | _aReview of communication and media studies (RCMS) | |
| 260 | _aPort-Harcourt, Nigeria | ||
| 260 | _bSabcos printers & publishers | ||
| 260 | _c2017 | ||
| 300 | _aiv, 299 p. ; 24 cm. | ||
| 650 | _aEnglish language--Business English--Study and teaching. Business communication--Study and teaching. English language--Textbooks for foreign speakers. Business writing. | ||
| 942 | _cSR | ||
| 999 |
_c38626 _d38626 |
||